Otaku Quiz Anime Characters 2 Stats

 Plays Quiz not verified by Sporcle

Score 0/100 Timer 20:00
0 Plays Today
% Correct
Kurosaki Ichigo
93.4%
Levi Ackerman
93.4%
Kirigaya Kazuto
88.2%
Okumura Rin
80.3%
Sasha Blouse
78.9%
Misaki Mei
76.3%
Erwin Smith
75%
Historia Reiss
73.7%
Asada Shino
71.1%
Meiko Honma
68.4%
Hange Zoe
67.1%
Nanase Haruka
65.8%
Matsuoka Rin
64.5%
Dazai Osamu
60.5%
Orihime Inoue
57.9%
Shirayuki
57.9%
Aizen Sousuke
56.6%
Umetarou Nozaki
56.6%
Kiryuu Zero
55.3%
Petra Ral
51.3%
Tsuboi Ryoutarou
51.3%
Sakura Chiyo
50%
Abarai Renji
47.4%
Hashibara Inosuke
46.1%
Nakahara Chuuya
44.7%
Nakajima Atsushi
44.7%
Nao Tomori
44.7%
Ulquiorra
43.4%
Aslan Jade Callenreese
43.4%
Hitsugaya Toshiro
42.1%
Konno Yuuki
42.1%
Kuro
42.1%
Agatsuma Zenitsu
40.8%
Matsuoka Gou
39.5%
% Correct
Akutagawa Ryuunosuke
38.2%
Otosaka Yuu
38.2%
Rimuru Tempest
38.2%
Zen Wistalia
35.5%
Okumura Eiji
35.5%
Mikoshiba Mikoto
35.5%
Tomioka Giyuu
32.9%
Izumi Kyouka
31.6%
Mike Zacharias
31.6%
Kuran Kaname
31.6%
Kochou Shinobu
30.3%
Yadomi Jinta
27.6%
Mutsumoto Rangiku
26.3%
Shorter Wong
25%
Moriyama Shiemi
25%
Kibutsuji Muzan
25%
Yuzuki Seo
23.7%
Suguro Ryuuji
23.7%
Nava Millim
22.4%
Gouda Takeo
22.4%
Shigino Kisumi
21.1%
Hanabusa Aido
19.7%
Sunakawa Makoto
19.7%
Naruko Anjou
19.7%
Yosano Akiko
17.1%
Otosaka Shunsuke
17.1%
Akatsuki Kain
15.8%
Shiina Asahi
15.8%
Kirigakure Shura
15.8%
Senri Shiki
14.5%
Shion
14.5%
Sakakibara Kouichi
14.5%
Hisakawa Tetsudou
14.5%
Mitchell Margaret
13.2%
% Correct
Sing Soo Ling
13.2%
Farlan Church
13.2%
Tooya Rima
13.2%
Shima Renzou
13.2%
Seiran Kiki
11.8%
Souen Ruka
11.8%
Yamato Rinko
11.8%
Kirishima Natsuya
10.5%
Benimaru
10.5%
Kumagami Takehito
9.2%
Gabiru
9.2%
Tsurumi Chiriko
9.2%
Shuna
7.9%
Diablo
7.9%
Akazawa Izumi
7.9%
Ato Touji
6.6%
Tughril Mahmut
5.3%
Tsuchimikado Harutora
5.3%
Tsuchimikado Natsume
5.3%
Souei
5.3%
Hokuto
3.9%
Teshigawara Naoya
3.9%
Isabela Magnolia
2.6%
Hokuto
2.6%
Zehir Zaganos
0%
Abiriga
0%
Ismail
0%
Kara Kanat Suleyman
0%
Lucio Antonio
0%
Shara
0%
Sehir Halil
0%
γιός Apollodorus Cyrus
0%

You're not logged in!

Compare scores with friends on all Sporcle quizzes.
OR
Log In

Sporcle TV

Today on Sporcle TV


Watch our educational content, quiz creation guides, and fun videos on Sporcle TV.

Show Comments

Extras

Top Quizzes Today


Score Distribution

Your Account Isn't Verified!

In order to create a playlist on Sporcle, you need to verify the email address you used during registration. Go to your Sporcle Settings to finish the process.

Report this User

Report this user for behavior that violates our Community Guidelines.

Details: